The genesis of konfrontasi : Malaysia, Brunei and Indonesia, 1945-1965 /
Saved in:
| Main Author: | |
|---|---|
| Format: | Thesis Book |
| Language: | English |
| Published: |
1993.
|
| Subjects: | |
| Tags: |
Add Tag
No Tags, Be the first to tag this record!
|
| LEADER | 01378cam a2200361 a 4500 | ||
|---|---|---|---|
| 001 | u790884 | ||
| 003 | SIRSI | ||
| 005 | 20100422153906.0 | ||
| 008 | 981117s1993 at v 000 0 eng | ||
| 010 | |a 98221551 | ||
| 040 | |a UMM | ||
| 043 | |a a-io--- |a a-my--- |a e-uk--- | ||
| 050 | 0 | 0 | |a DS644 |b .P65 1998 |
| 082 | 0 | 0 | |a 959.505 |2 21 |
| 090 | |a DS644 |b Pou | ||
| 100 | 1 | |a Poulgrain, Greg, |d 1952- | |
| 245 | 1 | 4 | |a The genesis of konfrontasi : |b Malaysia, Brunei and Indonesia, 1945-1965 / |c thesis submitted by Greg Poulgrain. |
| 260 | |c 1993. | ||
| 300 | |a xxii, 317 leaves ; |c 30 cm. | ||
| 502 | |a Thesis (Ph.D.) -- Department of History and Politics, James Cook University of North Queensland, 1993. | ||
| 504 | |a Bibliography: leaves 303-317. | ||
| 651 | 0 | |a Indonesia |x History |y 1950-1966. | |
| 651 | 0 | |a Malaysia |x History. | |
| 651 | 0 | |a Indonesia |x Foreign relations |z Malaysia. | |
| 651 | 0 | |a Malaysia |x Foreign relations |z Indonesia. | |
| 651 | 0 | |a Great Britain |x Foreign relations |z Malaysia. | |
| 651 | 0 | |a Malaysia |x Foreign relations |z Great Britain. | |
| 651 | 0 | |a Great Britain |x Foreign relations |z Indonesia. | |
| 651 | 0 | |a Indonesia |x Foreign relations |z Great Britain. | |
| 651 | 0 | |a Great Britain |x Foreign relations |y 1945- | |
| 900 | |a SJMK | ||
| 596 | |a 1 | ||
| 999 | |a DS644 POU |w LC |c 1 |i A513428825 |d 6/10/2011 |e 6/10/2011 |f 22/6/2010 |g 1 |l STACKS |m P01UTAMA |n 2 |r Y |s Y |t TESIS |u 22/6/2010 | ||
